[Event "Gorodets Small Kitezh op"]
[Site "Gorodets"]
[Date "2015.07.30"]
[Round "3"]
[White "Samuilov, Evgeny"]
[Black "Kalugin, Alexander"]
[Result "0-1"]
[WhiteElo "1863"]
[BlackElo "2102"]
[PlyCount "64"]
[EventDate "2015.07.29"]
[EventType "swiss"]
[EventRounds "9"]
[EventCountry "RUS"]
[SourceTitle "CBM 167 Extra"]
[Source "ChessBase"]
[SourceDate "2015.09.14"]
[SourceVersion "1"]
[SourceVersionDate "2015.09.14"]
[SourceQuality "1"]

1. e4 c5 2. Nf3 Nc6 3. d4 cxd4 4. Nxd4 Nf6 5. Nc3 e5 6. Ndb5 d6 7. Bg5 a6 8. Na3 b5 9. Bxf6 gxf6 10. Nd5 f5 11. Bd3 Be6 12. c4 Bxd5 13. cxd5 Qa5+ 14. Kf1 Nb4 15. exf5 e4 16. Bxe4 Bg7 17. Qe1 Bxb2 18. Nc2 Bxa1 19. Nxa1 Qa3 20. f6 0-0-0 21. Nb3 Kb7 22. Bf5 Rhe8 23. Qc3 Qxa2 24. g4 Re2 25. Kg2 Rxf2+ 26. Kh3 h5 27. Qe3 hxg4+ 28. Bxg4 Rh8+ 29. Kg3 Rg2+ 30. Kf3 Rxg4 31. Kxg4 Qg2+ 32. Kf4 Nxd5+ 0-1

[Event "Gorodets-ch"]
[Site "Gorodets"]
[Date "2014.12.21"]
[Round "9"]
[White "Kalugin, Alexander"]
[Black "Raskhodov, Artem"]
[Result "1-0"]
[WhiteElo "2104"]
[BlackElo "1929"]
[PlyCount "55"]
[EventDate "2014.12.13"]
[EventType "swiss"]
[EventRounds "9"]
[EventCountry "RUS"]
[SourceTitle "CBM 164 Extra"]
[Source "ChessBase"]
[SourceDate "2015.03.02"]
[SourceVersion "1"]
[SourceVersionDate "2015.03.02"]
[SourceQuality "1"]

1. e4 e5 2. Nf3 d6 3. d4 exd4 4. Nxd4 Be7 5. Nc3 Nf6 6. f3 Bd7 7. Be3 a6 8. Qd2 b5 9. g4 h6 10. Nf5 Bxf5 11. gxf5 b4 12. Ne2 c5 13. Rg1 Nh5 14. 0-0-0 Nc6 15. f4 Rg8 16. Bg2 Qc7 17. Bf3 Nf6 18. e5 dxe5 19. Bxc6+ Qxc6 20. fxe5 Rd8 21. Qe1 Rxd1+ 22. Qxd1 Ne4 23. f6 Bf8 24. Bxh6 g6 25. Bxf8 Rxf8 26. Nf4 Qb6 27. Qd5 c4 28. Qa8+ 1-0

[Event "Gorodets-ch"]
[Site "Gorodets"]
[Date "2014.12.16"]
[Round "4"]
[White "Kalugin, Alexander"]
[Black "Levkovich, Vladimir K"]
[Result "1-0"]
[WhiteElo "2104"]
[BlackElo "1802"]
[PlyCount "107"]
[EventDate "2014.12.13"]
[EventType "swiss"]
[EventRounds "9"]
[EventCountry "RUS"]
[SourceTitle "CBM 164 Extra"]
[Source "ChessBase"]
[SourceDate "2015.03.02"]
[SourceVersion "1"]
[SourceVersionDate "2015.03.02"]
[SourceQuality "1"]

1. d4 Nf6 2. Bg5 c6 3. Bxf6 exf6 4. e4 d5 5. exd5 Qxd5 6. Nf3 Bf5 7. Bd3 Bb4+ 8. c3 Qe6+ 9. Be2 Bd6 10. 0-0 0-0 11. Nbd2 Qd7 12. Nc4 Bc7 13. Ne3 Be4 14. Nd2 Qd6 15. g3 Bg6 16. Ndc4 Qe6 17. Bg4 f5 18. Bh3 Qf6 19. f4 Rd8 20. Qc2 Nd7 21. Bxf5 Nf8 22. Rae1 Re8 23. Bxg6 hxg6 24. Ng4 Qf5 25. Qxf5 gxf5 26. Nge5 f6 27. Nf3 Kf7 28. Kf2 b5 29. Rxe8 Rxe8 30. Ne3 g6 31. Ne1 Bb6 32. Nd3 a5 33. Re1 b4 34. Nc4 Bc7 35. Rxe8 Kxe8 36. cxb4 axb4 37. Nxb4 Kd7 38. Na6 Ne6 39. Nxc7 Nxc7 40. Nb6+ Ke6 41. Ke3 g5 42. h4 Kf7 43. Nc4 Kg6 44. fxg5 fxg5 45. Ne5+ Kh5 46. hxg5 Kxg5 47. Kf3 c5 48. dxc5 Ne6 49. c6 Kf6 50. Nd7+ Ke7 51. Ke3 Kd6 52. b4 Kxc6 53. Ne5+ Kb5 54. Nd3 1-0

[Event "Gorodets op"]
[Site "Gorodets"]
[Date "2014.08.06"]
[Round "1"]
[White "Kolesnikov, Lev"]
[Black "Kalugin, Alexander"]
[Result "1/2-1/2"]
[WhiteElo "1716"]
[BlackElo "2122"]
[PlyCount "41"]
[EventDate "2014.08.06"]
[EventType "swiss"]
[EventRounds "9"]
[EventCountry "RUS"]
[SourceTitle "EXT 2016"]
[Source "ChessBase"]
[SourceDate "2015.10.08"]
[SourceVersion "1"]
[SourceVersionDate "2015.10.08"]
[SourceQuality "1"]

1. e4 c5 2. Nf3 Nc6 3. d4 cxd4 4. Nxd4 Nf6 5. Nc3 e5 6. Ndb5 d6 7. Bg5 a6 8. Na3 b5 9. Nd5 Be7 10. Nxf6+ Bxf6 11. Bxf6 Qxf6 12. c3 Qg6 13. Qe2 f5 14. exf5 Bxf5 15. 0-0-0 Rc8 16. f3 Qh6+ 17. Qd2 Qxd2+ 18. Kxd2 0-0 19. Bd3 Bxd3 20. Kxd3 d5 21. Rhe1 1/2-1/2

[Event "Gorodets-ch"]
[Site "Gorodets"]
[Date "2011.12.06"]
[Round "1"]
[White "Kalugin, Alexander"]
[Black "Konyaev, Anatoly"]
[Result "1/2-1/2"]
[WhiteElo "2100"]
[BlackElo "2021"]
[PlyCount "111"]
[EventDate "2011.12.06"]
[EventType "tourn"]
[EventRounds "13"]
[EventCountry "RUS"]
[SourceTitle "EXT 2023"]
[Source "ChessBase"]
[SourceDate "2022.10.05"]
[SourceVersion "1"]
[SourceVersionDate "2022.10.05"]
[SourceQuality "1"]

1. e4 c5 2. Nf3 d6 3. d4 cxd4 4. Nxd4 Nc6 5. Nc3 g6 6. Be3 Bg7 7. Qd2 Nf6 8. f3 a6 9. 0-0-0 Qc7 10. g4 Be6 11. h4 h5 12. g5 Nd7 13. Nxe6 fxe6 14. Bh3 Nd8 15. Bd4 0-0 16. Bxg7 Kxg7 17. f4 b5 18. f5 Ne5 19. fxe6 Qc4 20. Qd5 Ndc6 21. Qxc4 Nxc4 22. Nd5 Rf2 23. b3 N4e5 24. Rhf1 Raf8 25. Rxf2 Rxf2 26. Rd2 Rf8 27. Bg2 b4 28. Kb2 a5 29. a3 Nf3 30. Bxf3 Rxf3 31. axb4 axb4 32. Rh2 Kf8 33. Rh1 Rf2 34. Ra1 Rh2 35. Rf1+ Kg8 36. Rf4 Rh1 37. e5 dxe5 38. Rc4 Nd4 39. Nxe7+ Kg7 40. Nd5 Nxe6 41. Rxb4 Nd4 42. Rb7+ Kf8 43. Ne7 Kf7 44. Nc6+ Ke6 45. Nxd4+ exd4 46. Rb6+ Kd5 47. Rxg6 Rxh4 48. Ra6 Rg4 49. g6 h4 50. b4 d3 51. cxd3 Rxb4+ 52. Kc3 Rg4 53. Kd2 h3 54. Ra5+ Kd6 55. Rh5 Rxg6 56. Rxh3 1/2-1/2

[Event "Gorodets-ch"]
[Site "Gorodets"]
[Date "2010.12.03"]
[Round "4"]
[White "Kalugin, Alexander"]
[Black "Dmitrievsky, Alexander"]
[Result "1-0"]
[WhiteElo "2115"]
[BlackElo "1958"]
[PlyCount "69"]
[EventDate "2010.11.30"]
[EventType "tourn"]
[EventRounds "12"]
[EventCountry "RUS"]
[SourceTitle "EXT 2022"]
[Source "ChessBase"]
[SourceDate "2021.10.06"]
[SourceVersion "1"]
[SourceVersionDate "2021.10.06"]
[SourceQuality "1"]

1. d4 Nf6 2. Nf3 e6 3. c4 d5 4. Nc3 Be7 5. Bf4 0-0 6. e3 c6 7. Bd3 dxc4 8. Bxc4 Nd5 9. Bxb8 Rxb8 10. 0-0 b5 11. Bd3 Bb7 12. Rc1 Bd6 13. Ne4 h6 14. Bb1 f5 15. Nc5 Bc8 16. Nd3 Qe8 17. Nfe5 Bb7 18. Re1 Ne7 19. a3 Rf6 20. Ba2 Nd5 21. Nc5 Bxe5 22. dxe5 Rg6 23. Qf3 Bc8 24. Bb1 Qf7 25. e4 Ne7 26. Red1 Qe8 27. Rd6 Kh7 28. Rcd1 b4 29. a4 f4 30. Qxf4 Rg5 31. Rd8 Qh5 32. b3 Rxe5 33. Nd7 Ng6 34. Qf7 Qg5 35. Qg8# 1-0

[Event "Gorodets-ch"]
[Site "Gorodets"]
[Date "2010.12.01"]
[Round "2"]
[White "Kalugin, Alexander"]
[Black "Kudryashov, Oleg"]
[Result "1-0"]
[WhiteElo "2115"]
[BlackElo "1932"]
[PlyCount "85"]
[EventDate "2010.11.30"]
[EventType "tourn"]
[EventRounds "12"]
[EventCountry "RUS"]
[SourceTitle "EXT 2022"]
[Source "ChessBase"]
[SourceDate "2021.10.06"]
[SourceVersion "1"]
[SourceVersionDate "2021.10.06"]
[SourceQuality "1"]

1. e4 e5 2. Nf3 Nc6 3. d4 exd4 4. Bc4 h6 5. 0-0 d6 6. Nxd4 Bd7 7. Nc3 Nf6 8. f4 Be7 9. Nf3 0-0 10. h3 a6 11. a4 Qc8 12. Kh2 Be6 13. Be2 Bd7 14. Be3 Re8 15. Nd4 Bf8 16. Bf3 Qd8 17. Bf2 Nxd4 18. Qxd4 Bc6 19. Bh4 Be7 20. Rad1 Ng4+ 21. Bxg4 Bxh4 22. Qc4 Qe7 23. Bf3 Qe6 24. Qxe6 Rxe6 25. b3 Bf6 26. Nd5 Bxd5 27. Rxd5 c6 28. Rd3 Rd8 29. Rfd1 Bb2 30. b4 g6 31. e5 d5 32. Rb3 Bxe5 33. fxe5 Rxe5 34. b5 axb5 35. axb5 Rde8 36. Ra1 Kg7 37. Ra7 R8e7 38. Rc3 Rc7 39. Rc5 Kf6 40. bxc6 Rxc6 41. Rxd5 Rxc2 42. Rxb7 Re3 43. Rdd7 1-0

[Event "Kimry op 52nd"]
[Site "Kimry"]
[Date "2010.06.11"]
[Round "4"]
[White "Kolpakov, Nikolay Anastasievi"]
[Black "Kalugin, Alexander"]
[Result "1/2-1/2"]
[WhiteElo "2225"]
[BlackElo "2101"]
[PlyCount "120"]
[EventDate "2010.06.10"]
[EventType "swiss"]
[EventRounds "7"]
[EventCountry "RUS"]
[SourceTitle "CBM 136 Extra"]
[Source "ChessBase"]
[SourceDate "2010.07.02"]
[SourceVersion "2"]
[SourceVersionDate "2010.07.15"]
[SourceQuality "1"]

1. Nf3 Nf6 2. g3 g6 3. Bg2 Bg7 4. 0-0 0-0 5. d3 d6 6. e4 Nc6 7. c3 h6 8. Nbd2 e5 9. Re1 Re8 10. Nc4 Be6 11. Ne3 Qd7 12. Nh4 d5 13. Qe2 d4 14. Nf1 Rad8 15. c4 Kh7 16. Bd2 a5 17. a3 a4 18. Qd1 Ra8 19. f4 Bg4 20. Bf3 Bxf3 21. Qxf3 exf4 22. gxf4 Qg4+ 23. Qxg4 Nxg4 24. h3 Ne3 25. Nxe3 dxe3 26. Bxe3 Bxb2 27. Ra2 Bd4 28. Kf2 Ra5 29. Nf3 Rd8 30. Nxd4 Nxd4 31. Bxd4 Rxd4 32. Ke3 Rd8 33. d4 Rh5 34. Rh1 Rh4 35. Rf2 Re8 36. e5 f6 37. Ke4 c5 38. Rb1 cxd4 39. Rxb7+ Kh8 40. Kd5 fxe5 41. fxe5 d3 42. e6 Rxh3 43. Kd6 Re3 44. e7 Kg7 45. c5 Re2 46. Rf1 d2 47. Rd1 Kf6 48. Rf1+ Kg7 49. Rd1 Kf6 50. c6 Re6+ 51. Kd5 Re5+ 52. Kd4 R5xe7 53. Rxd2 Rd8+ 54. Kc3 Rxd2 55. Kxd2 Re8 56. c7 Re7 57. Rb6+ Ke5 58. Rxg6 Rxc7 59. Rxh6 Rc4 60. Rb6 Kd5 1/2-1/2

[Event "Gorodets-ch"]
[Site "Gorodets"]
[Date "2009.12.18"]
[Round "6"]
[White "Kalugin, Alexander"]
[Black "Leukhin, Mikhail"]
[Result "1/2-1/2"]
[WhiteElo "2068"]
[BlackElo "2019"]
[PlyCount "77"]
[EventDate "2009.12.13"]
[EventType "tourn"]
[EventRounds "12"]
[EventCountry "RUS"]
[SourceTitle "EXT 2022"]
[Source "ChessBase"]
[SourceDate "2021.10.06"]
[SourceVersion "1"]
[SourceVersionDate "2021.10.06"]
[SourceQuality "1"]

1. c4 e5 2. Nc3 Nc6 3. g3 Nd4 4. Bg2 c6 5. e3 Ne6 6. d4 exd4 7. exd4 Bb4 8. Nge2 Nf6 9. 0-0 0-0 10. a3 Bxc3 11. Nxc3 d5 12. cxd5 cxd5 13. h3 b6 14. f4 Ba6 15. Rf2 h6 16. g4 Rc8 17. Be3 Bb7 18. Qd3 Ne4 19. Nxe4 dxe4 20. Bxe4 Bxe4 21. Qxe4 Qh4 22. Qf3 Rfd8 23. Rd2 Qf6 24. Qf2 Rd5 25. f5 Ng5 26. Qg2 Rcd8 27. Rad1 Qe7 28. Bxg5 Qxg5 29. Qe4 h5 30. Kg2 R5d7 31. Re2 Rd5 32. Kg3 h4+ 33. Kf3 Qf6 34. Qe7 Qc6 35. Qe4 Qd6 36. Qf4 Qc6 37. Qe4 Qa4 38. Rd3 Qc6 39. Rd1 1/2-1/2